[Event "Brasil ch 2004 final"]
[Site "São José do Rio Preto"]
[Date "2005.02.19"]
[Round "8.11"]
[White "Capatti, Eduardo"]
[Black "Araujo, Adalberto"]
[Result "0-1"]
[WhiteElo "2164"]
[BlackElo "2258"]
[PlyCount "68"]
[EventDate "2005.02.14"]
[EventType "swiss"]
[EventRounds "9"]
[EventCountry "BRA"]
[Source "lmi"]
[SourceDate "2005.02.20"]

1. d4 d6 2. Nf3 Nf6 3. e3 g6 4. Be2 Bg7 5. O-O O-O 6. c4 Nbd7 7. b3 e5 8. Bb2
e4 9. Nfd2 c6 10. Nc3 Re8 11. Qc2 Qe7 12. Rac1 Nf8 13. Rfd1 h5 14. Re1 Bf5 15.
Qd1 Bh6 16. b4 a6 17. Nb3 d5 18. a3 Ne6 19. cxd5 cxd5 20. Na4 b5 21. Nac5 Ng5
22. Na5 Rec8 23. Qd2 Bg4 24. Ncb3 Qe6 25. Rxc8+ Rxc8 26. Nc5 Qf5 27. Nab7 Nf3+
28. Bxf3 Bxf3 29. h3 Qg5 30. g3 h4 31. Kh2 hxg3+ 32. fxg3 Qh5 33. Kg1 Qxh3 34.
Qh2 Bxe3+ 0-1

[Event "Brasil ch 2004 final"]
[Site "São José do Rio Preto"]
[Date "2005.02.19"]
[Round "8.12"]
[White "De Paula, Guilherme"]
[Black "Name, Gabriel Ricardo S"]
[Result "1-0"]
[WhiteElo "2135"]
[BlackElo "2198"]
[PlyCount "55"]
[EventDate "2005.02.14"]
[EventType "swiss"]
[EventRounds "9"]
[EventCountry "BRA"]
[Source "lmi"]
[SourceDate "2005.02.20"]

1. e4 e6 2. d4 d5 3. Nc3 Nf6 4. Bg5 Be7 5. e5 Nfd7 6. h4 a6 7. Qg4 f5 8. Qh5+
Kf8 9. Nh3 Qe8 10. Bxe7+ Qxe7 11. Nf4 Kg8 12. g4 g6 13. Nxg6 hxg6 14. Qxg6+ Kf8
15. gxf5 Nb6 16. f6 Qh7 17. Bd3 Qxg6 18. Bxg6 Nc4 19. O-O-O c5 20. b3 Nb6 21.
dxc5 N6d7 22. f4 Nxc5 23. f5 Nc6 24. Nxd5 exd5 25. Rxd5 Nd7 26. Re1 Ncxe5 27.
Rexe5 Kg8 28. Re8+ 1-0

[Event "Brasil ch 2004 final"]
[Site "São José do Rio Preto"]
[Date "2005.02.19"]
[Round "8.13"]
[White "Araujo, Alcides Alexandre"]
[Black "Macedo, Maximo Iack"]
[Result "1/2-1/2"]
[WhiteElo "2175"]
[BlackElo "2094"]
[PlyCount "20"]
[EventDate "2005.02.14"]
[EventType "swiss"]
[EventRounds "9"]
[EventCountry "BRA"]
[Source "lmi"]
[SourceDate "2005.02.20"]

1. e4 e6 2. d4 d5 3. Nc3 Nf6 4. e5 Nfd7 5. f4 c5 6. Nce2 Nc6 7. Nf3 b6 8. c3
Ba6 9. Be3 Be7 10. g3 h6 1/2-1/2

[Event "Brasil ch 2004 final"]
[Site "São José do Rio Preto"]
[Date "2005.02.19"]
[Round "8.14"]
[White "Tasoko, Toshinobo"]
[Black "Bil, Angelo"]
[Result "0-1"]
[WhiteElo "1935"]
[BlackElo "2135"]
[PlyCount "90"]
[EventDate "2005.02.14"]
[EventType "swiss"]
[EventRounds "9"]
[EventCountry "BRA"]
[Source "lmi"]
[SourceDate "2005.02.20"]

1. e4 c5 2. Nc3 Nc6 3. d3 e6 4. g3 g6 5. Be3 d6 6. Bg2 Bg7 7. Nge2 Nd4 8. O-O
Rb8 9. Qd2 b5 10. f4 Ne7 11. Rae1 O-O 12. Nd1 Nxe2+ 13. Rxe2 b4 14. c4 bxc3 15.
Nxc3 Qc7 16. Rd1 Ba6 17. Rf2 Rb4 18. a3 Rb3 19. d4 Rfb8 20. Qc1 cxd4 21. Bxd4
Bxd4 22. Rxd4 Nc6 23. Rdd2 Na5 24. f5 Nc4 25. Rc2 Qb6 26. fxe6 Qe3 27. exf7+
Kg7 28. Qd1 Rf8 29. Nd5 Qc5 30. Kh1 Bb7 31. Qc1 Bxd5 32. exd5 Qe3 33. Qf1 Ne5
34. Rc7 Qb6 35. Re7 Rxb2 36. Rxb2 Qxb2 37. Rxa7 Qd4 38. Re7 Nxf7 39. h3 Kg8 40.
Qa6 Rb8 41. Rb7 Re8 42. Qf1 Ng5 43. Kh2 Rf8 44. Qb5 Qf2 45. Rb8 Nf3+ 0-1

[Event "Brasil ch 2004 final"]
[Site "São José do Rio Preto"]
[Date "2005.02.20"]
[Round "9.1"]
[White "Caldeira, Adriano"]
[Black "Leitão, Rafael"]
[Result "1/2-1/2"]
[WhiteElo "2320"]
[BlackElo "2580"]
[PlyCount "46"]
[EventDate "2005.02.14"]
[EventType "swiss"]
[EventRounds "9"]
[EventCountry "BRA"]
[Source "lmi"]
[SourceDate "2005.02.20"]

1. e4 c5 2. Nf3 d6 3. d4 cxd4 4. Nxd4 Nf6 5. Nc3 a6 6. Bg5 e6 7. f4 Qc7 8. Bxf6
gxf6 9. Be2 Nc6 10. Qd2 h5 11. O-O-O Bd7 12. Kb1 O-O-O 13. Nxc6 Qxc6 14. f5 Qc5
15. Qf4 Kb8 16. fxe6 fxe6 17. Qxf6 Bh6 18. Qd4 Qxd4 19. Rxd4 Bf4 20. Bf3 Be5
21. Rd3 Be8 22. Ne2 Bg7 23. Rdd1 Rc8 1/2-1/2

[Event "Brasil ch 2004 final"]
[Site "São José do Rio Preto"]
[Date "2005.02.20"]
[Round "9.5"]
[White "Matsuura, Frederico"]
[Black "Di Berardino, Diego Rafael"]
[Result "0-1"]
[WhiteElo "2280"]
[BlackElo "2358"]
[PlyCount "106"]
[EventDate "2005.02.14"]
[EventType "swiss"]
[EventRounds "9"]
[EventCountry "BRA"]
[Source "lmi"]
[SourceDate "2005.02.20"]

1. d4 Nf6 2. Nf3 e6 3. Bg5 c5 4. c3 h6 5. Bxf6 Qxf6 6. e4 Qd8 7. Bd3 d6 8. O-O
Be7 9. Nbd2 O-O 10. Qe2 b6 11. e5 Bb7 12. Rad1 Qc7 13. Nc4 Rd8 14. Rfe1 Nd7 15.
exd6 Bxd6 16. Nxd6 Qxd6 17. dxc5 Qxc5 18. Be4 Bxe4 19. Qxe4 Nf6 20. Qe5 Qc6 21.
Rd4 Rxd4 22. Qxd4 Qb5 23. c4 Qa4 24. a3 Rc8 25. Rc1 Nd5 26. h3 a5 27. c5 Qb5
28. a4 Qb4 29. c6 Qd6 30. Qc4 Ne7 31. Qd4 Qxd4 32. Nxd4 e5 33. Nb5 Rxc6 34. Rd1
f6 35. Rd7 Kf7 36. Rb7 f5 37. Na7 Rc5 38. b3 Rc1+ 39. Kh2 Rc2 40. Kg1 Rc1+ 41.
Kh2 Rc2 42. Kg1 e4 43. Rxb6 Rc1+ 44. Kh2 f4 45. Nb5 Nf5 46. Nd6+ Nxd6 47. Rxd6
e3 48. fxe3 fxe3 49. Rd7+ Kf6 50. Rd6+ Kf5 51. g4+ Kf4 52. Rd4+ Kf3 53. Rd3 Ke4
0-1

[Event "Brasil ch 2004 final"]
[Site "São José do Rio Preto"]
[Date "2005.02.20"]
[Round "9.6"]
[White "El Debs, Felipe de Cresce"]
[Black "Galati, Mario Augusto"]
[Result "1-0"]
[WhiteElo "2351"]
[BlackElo "2195"]
[PlyCount "107"]
[EventDate "2005.02.14"]
[EventType "swiss"]
[EventRounds "9"]
[EventCountry "BRA"]
[Source "lmi"]
[SourceDate "2005.02.20"]

1. d4 Nf6 2. Nf3 e6 3. e3 d5 4. Bd3 c5 5. O-O Be7 6. b3 O-O 7. Nbd2 b6 8. Bb2
Ba6 9. c4 Nbd7 10. Qe2 Bb7 11. Rfd1 Qc7 12. Rac1 Rac8 13. cxd5 Nxd5 14. Ba3 Qb8
15. Ne4 cxd4 16. Bxe7 Nxe7 17. Nxd4 Ne5 18. Bb1 N5g6 19. Rxc8 Bxc8 20. Qh5 Qe5
21. Qxe5 Nxe5 22. Nb5 N5c6 23. h3 h6 24. Ned6 Rd8 25. Rc1 a6 26. Nxc8 Rxc8 27.
Nd6 Rd8 28. Ne4 f5 29. Nc3 b5 30. a3 Kf7 31. Kf1 Na5 32. b4 Nb3 33. Rc2 Nd2+
34. Ke2 Nxb1 35. Nxb1 Rd6 36. Nd2 Nd5 37. Nb3 Nb6 38. Rc7+ Kf6 39. Na5 Nd5 40.
Rc6 Rxc6 41. Nxc6 e5 42. Kd3 Nc7 43. f4 exf4 44. exf4 Ke6 45. Kd4 Kd6 46. Nd8
Na8 47. Nb7+ Kc6 48. Nc5 Nb6 49. Nd3 Nc4 50. a4 Nb6 51. a5 Nd7 52. Nc5 Nf6 53.
Ke5 Nd5 54. Nd3 1-0

[Event "Brasil ch 2004 final"]
[Site "São José do Rio Preto"]
[Date "2005.02.20"]
[Round "9.8"]
[White "Araujo, Adalberto"]
[Black "Fier, Alexandr"]
[Result "1/2-1/2"]
[WhiteElo "2258"]
[BlackElo "2489"]
[PlyCount "184"]
[EventDate "2005.02.14"]
[EventType "swiss"]
[EventRounds "9"]
[EventCountry "BRA"]
[Source "lmi"]
[SourceDate "2005.02.20"]

1. d4 Nf6 2. Nf3 e6 3. c4 b6 4. g3 Ba6 5. Qa4 Bb7 6. Bg2 Be7 7. Nc3 O-O 8. O-O
Ne4 9. Qc2 f5 10. Ne1 d5 11. Nd3 Bf6 12. cxd5 exd5 13. Be3 c6 14. Rfd1 Qe7 15.
a4 a5 16. Qb3 Nd7 17. Qa3 Qxa3 18. Rxa3 Be7 19. Raa1 Ba6 20. Rdc1 Bc4 21. f3
Nxc3 22. Rxc3 Bb4 23. Rc2 Rfe8 24. Bf2 Rac8 25. Nc1 Ba6 26. Bh3 g6 27. b3 Nf6
28. Nd3 Bd6 29. Rac1 Bb7 30. Ne5 c5 31. Nd3 c4 32. bxc4 dxc4 33. Ne5 Ba3 34.
Ra1 Bb4 35. Nxc4 Ba6 36. Rac1 b5 37. axb5 Bxb5 38. e4 Ba4 39. Rb2 Ba3 40. Ra1
Bxb2 41. Rxa4 Rb8 42. e5 Nd7 43. Rxa5 Rec8 44. Bf1 Bc1 45. Ra1 Bh6 46. d5 Rxc4
47. Bxc4 Nxe5 48. Be2 Rb2 49. Kf1 Rd2 50. Rd1 Rxd1+ 51. Bxd1 Bf8 52. Bd4 Nf7
53. Ba4 Bd6 54. f4 g5 55. Be3 gxf4 56. gxf4 Kg7 57. Ke2 Nh6 58. h3 Ng8 59. Bd7
Nf6 60. Be6 Kg6 61. Kf3 Ne4 62. Bc1 Nf6 63. Bb2 Ne4 64. Be5 Bc5 65. Bd7 Nd6 66.
Ke2 Kh5 67. Bf6 Kg6 68. Bd8 Ba3 69. Bc7 Ne4 70. Be8+ Kf6 71. Bc6 Ke7 72. Kf3
Bc5 73. Be5 Ba3 74. Bb5 Nd6 75. Bd3 Kf7 76. Bxd6 Bxd6 77. Bxf5 h6 78. Ke4 Kf6
79. Be6 Bb8 80. f5 Bc7 81. Kd4 Bh2 82. Kc5 Ke7 83. Kc6 Bg3 84. Bc8 Bh2 85. Be6
Bg3 86. Kc5 Bh2 87. Kd4 Kf6 88. Ke4 Bb8 89. Kf3 Bc7 90. Kg4 Bd6 91. Kh5 Bf4 92.
Bc8 Kg7 1/2-1/2

[Event "Brasil ch 2004 final"]
[Site "São José do Rio Preto"]
[Date "2005.02.20"]
[Round "9.9"]
[White "Chemin, Vitorio"]
[Black "Marra, Eduardo da Costa"]
[Result "0-1"]
[WhiteElo "2363"]
[BlackElo "2261"]
[PlyCount "98"]
[EventDate "2005.02.14"]
[EventType "swiss"]
[EventRounds "9"]
[EventCountry "BRA"]
[Source "lmi"]
[SourceDate "2005.02.20"]

1. Nf3 Nf6 2. g3 d5 3. Bg2 Nc6 4. d3 e5 5. O-O Be7 6. Nbd2 e4 7. Ne1 h5 8. c4
h4 9. cxd5 Qxd5 10. Nxe4 Qh5 11. Nxf6+ Bxf6 12. f3 hxg3 13. hxg3 Be5 14. Bf4
Bxf4 15. gxf4 Qh2+ 16. Kf2 Qxf4 17. e3 Qb4 18. Qc2 Be6 19. f4 O-O-O 20. Rc1 Bd5
21. Bxd5 Rxd5 22. Nf3 g5 23. Qc3 Qxc3 24. Rxc3 gxf4 25. exf4 Nb4 26. Ne5 f6 27.
Ng6 Re8 28. Rd1 Nxa2 29. Ra3 Nb4 30. Rxa7 Nxd3+ 31. Kg3 Nxf4 32. Ra8+ Kd7 33.
Rxe8 Rxd1 34. Re7+ Kd6 35. Kxf4 Rf1+ 36. Kg4 Rg1+ 37. Kf5 Rg5+ 38. Kxf6 Rxg6+
39. Kxg6 Kxe7 40. Kf5 Kd6 41. Ke4 Kc5 42. Kd3 Kb4 43. Kc2 b6 44. Kc1 Kb3 45.
Kb1 b5 46. Kc1 c5 47. Kb1 b4 48. Kc1 c4 49. Kb1 c3 0-1

[Event "Brasil ch 2004 final"]
[Site "São José do Rio Preto"]
[Date "2005.02.20"]
[Round "9.11"]
[White "Asfora, Marco"]
[Black "Araujo, Alcides Alexandre"]
[Result "1-0"]
[WhiteElo "2308"]
[BlackElo "2175"]
[PlyCount "65"]
[EventDate "2005.02.14"]
[EventType "swiss"]
[EventRounds "9"]
[EventCountry "BRA"]
[Source "lmi"]
[SourceDate "2005.02.20"]

1. c4 e5 2. Nc3 Nf6 3. g3 d5 4. cxd5 Nxd5 5. Bg2 Nb6 6. Nf3 Nc6 7. d3 Be7 8.
O-O O-O 9. a4 a5 10. Be3 Nd5 11. Nxd5 Qxd5 12. Nd4 Qd6 13. Nxc6 bxc6 14. Rc1
Qb4 15. Bxc6 Ra6 16. Bb5 Rg6 17. Rc4 Qd6 18. Bc5 Qxc5 19. Rxc5 Bxc5 20. Qc2 Bb6
21. Bc6 h5 22. Be4 f5 23. Bf3 f4 24. d4 Rff6 25. dxe5 fxg3 26. hxg3 Rxg3+ 27.
Kh2 Rh3+ 28. Kg2 Rf4 29. Qg6 Bg4 30. Qe8+ Kh7 31. Bxg4 hxg4 32. e6 Re4 33. Rh1
1-0

[Event "Brasil ch 2004 final"]
[Site "São José do Rio Preto"]
[Date "2005.02.20"]
[Round "9.12"]
[White "Name, Gabriel Ricardo S"]
[Black "Macedo, Maximo Iack"]
[Result "1-0"]
[WhiteElo "2198"]
[BlackElo "2094"]
[PlyCount "41"]
[EventDate "2005.02.14"]
[EventType "swiss"]
[EventRounds "9"]
[EventCountry "BRA"]
[Source "lmi"]
[SourceDate "2005.02.20"]

1. d4 d5 2. c4 c6 3. Nf3 Nf6 4. Nc3 Qb6 5. a3 Bf5 6. c5 Qc7 7. g3 Nbd7 8. Bf4
Qc8 9. Nh4 Bg6 10. Nxg6 hxg6 11. b4 a6 12. Bg2 Nh5 13. Bd2 e6 14. O-O Be7 15.
e3 f5 16. Qc2 Nhf6 17. f3 Kf7 18. f4 Qc7 19. h3 Rxh3 20. Bxh3 Rh8 21. Kg2 1-0

[Event "Brasil ch 2004 final"]
[Site "São José do Rio Preto"]
[Date "2005.02.20"]
[Round "9.13"]
[White "Bil, Angelo"]
[Black "De Paula, Guilherme"]
[Result "1-0"]
[WhiteElo "2135"]
[BlackElo "2135"]
[PlyCount "81"]
[EventDate "2005.02.14"]
[EventType "swiss"]
[EventRounds "9"]
[EventCountry "BRA"]
[Source "lmi"]
[SourceDate "2005.02.20"]

1. e4 c5 2. Nf3 Nc6 3. d4 cxd4 4. Nxd4 Qb6 5. Nb3 Nf6 6. Nc3 e6 7. Be3 Qc7 8.
a3 a6 9. Be2 b5 10. O-O Be7 11. f4 d6 12. Qd2 O-O 13. Rad1 Rb8 14. Bf3 b4 15.
axb4 Nxb4 16. Kh1 d5 17. e5 Ne4 18. Nxe4 dxe4 19. Bxe4 Rd8 20. Qf2 Nd5 21. Bc1
Rb4 22. Qe1 Bb7 23. Bd2 Rxe4 24. Qxe4 Nc3 25. Qe1 Nxd1 26. Qxd1 Qc6 27. Rf2 Bh4
28. Re2 Qc4 29. Na5 Qb5 30. Nxb7 Qxb7 31. Qc1 Qd5 32. Kg1 Qd4+ 33. Kf1 Qd5 34.
Be1 Bxe1 35. Kxe1 Qc4 36. Qe3 h6 37. b3 Qb4+ 38. Kf2 Rd1 39. h3 Rd4 40. c3
Rxf4+ 41. Kg3 1-0

[Event "Brasil ch 2004 final"]
[Site "São José do Rio Preto"]
[Date "2005.02.20"]
[Round "9.14"]
[White "Tasoko, Toshinobo"]
[Black "Capatti, Eduardo"]
[Result "0-1"]
[WhiteElo "1935"]
[BlackElo "2164"]
[PlyCount "43"]
[EventDate "2005.02.14"]
[EventType "swiss"]
[EventRounds "9"]
[EventCountry "BRA"]
[Source "lmi"]
[SourceDate "2005.02.20"]

1. e4 g6 2. d4 Bg7 3. Be3 c5 4. c3 Nf6 5. f3 cxd4 6. cxd4 O-O 7. Qd2 d6 8. Bc4
d5 9. exd5 Nxd5 10. Bxd5 Qxd5 11. Nc3 Qa5 12. Nge2 Nc6 13. a3 Rd8 14. d5 Be6
15. O-O-O Rac8 16. Kb1 Ne5 17. Bf4 Nc4 18. Qc1 Bf5+ 19. Ka2 Nxa3 20. bxa3 Bxc3
21. d6 Be6+ 22. Kb1 0-1